000 00231nam a2200097Ia 4500
008 190216s9999||||xx |||||||||||||| ||und||
100 _aAbdul Asees
245 0 _aSalesmanum Receptionistum
260 _bKerala Basha Inst
942 _cBK
999 _c37833
_d37833